00919nam a22002057a 4500003000400000005001700004008004100021020001800062040001700080050002100097082002100118100001800139245016800157260003200325300002100357440000600378500005300384653026300437856001300700OSt20250328114847.0250328b ||||| |||| 00| 0 eng d a9789928087553 aBSHUAbShqip b008(03):001/Gro. b008(03):001/Gro. aGroshi, Luigj aJeta, Njeriu, Historia : perkthime : nga historia e lashte, mitologji greke dhe mesopotame, filozofi:(Kant, Spinoza), nje histori e shkurter e jetes dhe e njeriut  aTirane:bMediaprint,c2024. a230 f.; c21 cm. v1 aRed. Kostaq L. Pashko, Ed Groshi Botimi i trete  aQyteterimet - Mesopotamia - Egjipti - Vinca - Kreta - Greqia e lashte - Mbreteria e hebrenjve - aMitologjia greke - Filozofi - Emanuel Kant - Spinoza - Nje histori e shkurter e jetes dhe e njeriut - Darvini dhe kreacionitet - Historia e yjeve dhe e diellit  yFulltext